The practical design of plate girder bridges (Record no. 547239)

000 -LEADER
fixed length control field 00697cam a2200181K 4500
082 04 - DEWEY DECIMAL CLASSIFICATION NUMBER
Classification number 624.37
Author Mark BIR
-- L-19, P-16
100 1# - MAIN ENTRY--PERSONAL NAME
Personal name Bird, Harold Hughes.
9 (RLIN) 43421
245 14 - TITLE STATEMENT
Title The practical design of plate girder bridges
Statement of responsibility, etc. by Harold Hughes Bird, with 2 plates and 144 diagrams.
260 ## - PUBLICATION, DISTRIBUTION, ETC.
Place of publication, distribution, etc. London,
Name of publisher, distributor, etc. C. Griffin;
Place of publication, distribution, etc. Philadelphia,
Name of publisher, distributor, etc. Lippincott,
Date of publication, distribution, etc. 1920.
300 ## - PHYSICAL DESCRIPTION
Extent 1 online resource (viii, 180 p.)
Other physical details illus.
526 ## - STUDY PROGRAM INFORMATION NOTE
Program name 0
Interest level 0
Reading level 0
Title point value 624_370000000000000_BIR
526 ## - STUDY PROGRAM INFORMATION NOTE
Program name 0
Interest level 0
Reading level 0
Title point value 624_370000000000000_BIR
650 #0 - SUBJECT ADDED ENTRY--TOPICAL TERM
Topical term or geographic name entry element Bridges
General subdivision Design and construction.
9 (RLIN) 801
650 #0 - SUBJECT ADDED ENTRY--TOPICAL TERM
Topical term or geographic name entry element Girders.
9 (RLIN) 25190
650 #0 - SUBJECT ADDED ENTRY--TOPICAL TERM
Topical term or geographic name entry element MCE
9 (RLIN) 379
856 40 - ELECTRONIC LOCATION AND ACCESS
Uniform Resource Identifier <a href="http://catalog.hathitrust.org/api/volumes/oclc/3822853.html">http://catalog.hathitrust.org/api/volumes/oclc/3822853.html</a>
942 ## - ADDED ENTRY ELEMENTS (KOHA)
Source of classification or shelving scheme
Koha item type Book
Holdings
Withdrawn status Lost status Source of classification or shelving scheme Damaged status Not for loan Permanent Location Current Location Date acquired Total Checkouts Full call number Barcode Date last seen Price effective from Koha item type
          Military College of Engineering (MCE) Military College of Engineering (MCE) 07/07/2014   624.37 BIR MCE-30120 07/07/2014 07/07/2014 Book
          Military College of Engineering (MCE) Military College of Engineering (MCE) 07/07/2014   624.37 BIR MCE-29950 07/07/2014 07/07/2014 Book
© 2023 Central Library, National University of Sciences and Technology. All Rights Reserved.